000 00566nam a22002177i 4500
001 3344
003 OSt
005 20170126082317.0
007 tu
008 161220s1996 xxu||||| |||| 00| 0 d
024 7 _a3343
_2RID
040 _cOSt
084 _a11.431
_a9.95
_2z
100 1 _aBorish, Michael S.
245 0 0 _aOn the Road to EU Accession. Financial Sector Development in Central Europe
260 _aWashington :
_bWorld Bank,
_c1996.
300 _a159 S. ;
_c30cm.
490 _aWorld Bank Discussion Papers
_v345
700 1 _aDing, Wei
700 1 _aNoel, Michel
942 _cB
999 _c3294
_d3294